Sandokán /
El invencible Tigre de la Malasia es conocido por todos. Hay quienes le temen, quienes lo odian y quienes lo admiran. Esta vez ha caído en las trampas del amor. Tendrá que liberar mil batallas, navegar los mares y enfrentar a los ejércitos enemigos en busca de su destino. ¿Será su amor correspondido...
Guardado en:
| Autor Principal: | |
|---|---|
| Otros Autores: | , |
| Formato: | Libro |
| Idioma: | Undetermined |
| Publicado: |
Buenos Aires :
Camino al sur,
2018.
|
| Series: | LiteraTubers ;
5 |
| Materias: | |
| Etiquetas: |
Agregar Etiqueta
Sin Etiquetas, Sea el primero en etiquetar este registro!
|
| LEADER | 01101nam a22002295a 4500 | ||
|---|---|---|---|
| 001 | CEM.cems021332 | ||
| 008 | 240801s2018####ag############000#0#und#d | ||
| 005 | 20240801175125.0 | ||
| 245 | 1 | 0 | |a Sandokán / |c Emilio Salgari ; ilustrado por Martín Morón ; adaptado por Katherine Martínez. |
| 260 | |a Buenos Aires : |b Camino al sur, |c 2018. | ||
| 300 | |a 192 p. | ||
| 490 | 1 | |a LiteraTubers ; |v 5 | |
| 520 | |a El invencible Tigre de la Malasia es conocido por todos. Hay quienes le temen, quienes lo odian y quienes lo admiran. Esta vez ha caído en las trampas del amor. Tendrá que liberar mil batallas, navegar los mares y enfrentar a los ejércitos enemigos en busca de su destino. ¿Será su amor correspondido? ¿Podrá vencer a sus adversarios? | ||
| 500 | |a Edad recomendada: entre 8 y 12 años. | ||
| 020 | |a 9789874677952 | ||
| 100 | 1 | |a Salgari, Emilio. | |
| 700 | 1 | |a Morón, Martín; il. | |
| 700 | 1 | |a Martínez, Katherine; adapt. | |
| 653 | |a Novela juvenil | ||
| 653 | |a Literatura juvenil | ||
| 653 | |a Literatura italiana | ||
| 859 | |a CEMS |b BIB. CEMS - Inicial y Primaria |h 853.9 |i Sa329-4 |k IP |p 6840 |t Ej.1 | ||
